000 00668nas a2200229 4500
001 BR8102571
003 BR-BrBNA
005 20231205084712.0
007 ta
008 230509b bl.|||p| |||| 00| 00por d
040 _aBR-BrBNA
_bpor
_cBiblioteca Nacional de Agricultura
041 _a(Pt)
072 _aF00
100 1 _aAnon.
245 1 _aBoas perspectivas para a colza [Brassica campestris; Producao vegetal; Brasil]
650 _aProducao vegetal
650 _aColza
650 _aRendimento
773 0 _tGranja (Brazil)
_xISSN 0367-505X
_g(Mar 1981), v. 37(398) p. 47-48
_wBR8102571
909 _a202311
_bLúcia
_c55
_dLúcia Elande
942 _2AGRIS
_n0
_cANA
999 _c106748
_d106748